Statistics for St. Louis Cardinals Baseball Player Nicknames

Click here to take the quiz!

General Stats

  • This quiz has been taken 1,107 times
    (1,105 since last reset)
  • The average score is 7 of 11

Answer Stats

NicknamePlayer% Correct
Stan the ManStan Musial
96%
The Wizard of OzOzzie Smith
93%
Prince Albert/The MachineAlbert Pujols
89%
Big MacMark McGwire
85%
DizzyJay 'Dizzy' Dean
82%
Gibby/HootBob Gibson
70%
Vince Van GoVince Coleman
53%
Jack the RipperJack Clark
49%
RajahRogers Hornsby
31%
The FranchiseLou Brock
25%
Big Daddy/Stillwater StingerMatt Holliday
14%

Score Distribution

Percentile by Number Answered

Percent of People with Each Score

Your Score History

You have not taken this quiz since the last reset